| 000 | 00953nam a2200301Ia 4500 | ||
|---|---|---|---|
| 005 | 20220317001542.0 | ||
| 008 | 161108s2009 sp g 000 0 s | ||
| 020 | _a9788446030690 | ||
| 082 | 0 | 4 |
_a170.44 _bS35e |
| 100 | 1 |
_aSinger, Peter _d1946- |
|
| 245 | 1 | 0 |
_aÉtica práctica _cPeter Singer ; traducción de Rafael Herrera Bonet |
| 250 | _a1a. edición | ||
| 300 |
_a393 páginas _c22 cm |
||
| 490 | _aNuestro tiempo | ||
| 500 | _aIncluye notas, referencias y lecturas complementarias | ||
| 500 | _aIncluye índice alfabético | ||
| 534 | _tPractical ethics | ||
| 650 | 1 | 4 |
_2LEMB _aÉtica social |
| 650 | 1 | 4 |
_2LEMB _aProblemas sociales |
| 650 | 1 | 4 |
_2LEMB _aEducación cívica |
| 700 | 1 |
_aHerrera Bonet, Rafael _975653 |
|
| 942 |
_2ddc _cBK |
||
| 264 |
_aMadrid _bAkal _c[2009] |
||
| 336 |
_atexto _btxt _2rdacontent |
||
| 337 |
_asin mediación _bn _2rdamedia |
||
| 338 |
_avolumen _bnc _2rdacarrier |
||
| 040 |
_aCO-BoRNBP _bspa _erda _cCO-BoRNBP |
||
| 999 |
_c7340 _d7340 |
||